Vlastnosti Bluetooth technológie

Salvato in:
Dettagli Bibliografici
Autore principale: Kovács, Peter, 1986- (Autore)
Altri autori: Kotuliak, Ivan, 1974- (Relatore della tesi)
Natura: Manoscritto Libro
Lingua:slovacco
Pubblicazione: STU v Bratislave FIIT, 2009
Soggetti:
Tags: Aggiungi Tag
Nessun Tag, puoi essere il primo ad aggiungerne!!

MARC

LEADER 00000ntm a22000003a 4500
001 stu195524
005 20180219143237.5
008 091104s2009----xo------------------slo-d
040 |a STU  |b slo 
041 0 |a slo 
044 |a xo 
100 1 |a Kovács, Peter,  |d 1986-  |4 aut  |u I100  |U FIIT Fakulta informatiky a informačných technológií  |T FIIT Ústav počítačových systémov a sietí  |X 29628  |U I100  |Y 178  |7 A000029628 
245 1 |a Vlastnosti Bluetooth technológie 
260 |b STU v Bratislave FIIT,  |c 2009 
300 |a 81 s 
650 7 |a počítačové systémy a siete  |2 stusub 
700 1 |a Kotuliak, Ivan,  |d 1974-  |4 ths  |u I100  |U FIIT Fakulta informatiky a informačných technológií  |T FIIT Ústav počítačových systémov a sietí  |X 1883  |U I100  |Y 178  |7 1883 
996 |c I*BAP88/09  |l II680  |s P  |a 0  |w stu195524_0001